000 00281 a2200133 4500
001 49899
020 _a8575200577
040 _cAnchieta - Bela Vista
240 1 0 _aO barba azul
_lpor
245 1 0 _aO barba azul
300 _a8
650 4 _aLiteratura infanto-juvenil
942 _cBK
999 _c49899
_d49899